000 01868nam0a2200313 4500
001 RU\NLR\BIBL_A\012055735
005 20190830094652.0
010 _a978-5-7513-2700-2
_950
021 _aRU
_bКН-П-19-042464
_9КН-П-19-3111
035 _a(NLR Aleph) 012055735
035 _a(RuMoRGB)010008356
090 _a11675234
_c11675234
100 _a20190710d2019 k y0rusy50 ca
101 0 _arus
102 _aRU
105 _aa|||j|||000zy
200 1 _aИнженерно-геологическая графика
_eучебное пособие
_e[для студентов I курса всех геологических специальностей]
_fО. Г. Третьякова, М. Ф. Третьяков
_gМинистерство науки и высшего образования Российской Федерации, Северо-Восточный федеральный университет имени М. К. Аммосова, Геологический факультет
210 _aЯкутск
_cИздательский дом Северо-Восточного федерального университета
_d2019
215 _a106 с.
_cил., табл.
_d21
320 _aБиблиогр.: с. 106 (7 назв.)
606 1 _aГеометрическое моделирование
_jУчебные издания для высших учебных заведений
_xПрименение в инженерной геологии
_92438956
_3RU\NLR\AUTH\661451096
686 1 _aД49в641.51я73
700 1 _aТретьякова
_bО. Г.
_gОльга Георгиевна
_9144090
_3RU\NLR\AUTH\770144126
701 1 _aТретьяков
_bМ. Ф.
_gМаксим Феликсович
942 _cBOOK
980 _aNBR
980 _aNB